000 00296nam a2200121Ia 4500
008 190216s9999||||xx |||||||||||||| ||und||
100 _aElam Kulam Kunjanpillai
245 0 _aStudies In Kerala History
260 _bNational Book Stall
_c1970
300 _a423p
650 _aHistory
942 _cBK
999 _c18906
_d18906